| 000 | 00445 a2200157 4500 | ||
|---|---|---|---|
| 005 | 20250625153117.0 | ||
| 020 | _a0-07-282932-X | ||
| 082 | _a658.3 KIN | ||
| 100 | _aKINICKI, A | ||
| 245 | _aOrganizational Behaviour: Key Concepts, skills & Best Practices | ||
| 250 | _a2nd Ed. | ||
| 260 |
_aBoston _bMcGraw-Hill Irwin _c2006. |
||
| 300 |
_axxviii, 460p.:ill.;pictures _bEndnotes and Index _c25cm |
||
| 700 | _aRobert Kreitner | ||
| 942 |
_2ddc _cBKS |
||
| 999 |
_c4349 _d4349 |
||